Clinton, el TLC y la política comercial de EEUU /

Zapisane w:
Opis bibliograficzny
1. autor: Hansen - Kuhn, Karen
Format: Texto
Etykiety: Dodaj etykietę
Nie ma etykietki, Dołącz pierwszą etykiete!

MARC

LEADER 00000 a a2200000 04500
001 1213
003
040
100 |a Hansen - Kuhn, Karen  
245 |a Clinton, el TLC y la política comercial de EEUU /  |c Karen Hansen - Kuhn 
773 |g volumen 1; páginas 141-145  
999 |c 26463  |d 26463